Dead By Daylight Killers Quiz - Statistics

General Stats
  • This quiz has been taken 2,129 times
    157 since last reset
  • The average score is 35 of 42
Answer Stats
Hint Answer % Correct
Evan MacMillan Trapper
100%
Sally Smithson Nurse
94%
Philip Ojomo Wraith
93%
Freddy Krueger Nightmare
92%
Michael Myers Shape
92%
Lisa Sherwood Hag
91%
Max Thompson Jr. Hillbilly
91%
Rin Yamaoka Spirit
91%
William Afton Animatronic
90%
Herman Carter Doctor
90%
Nemesis T-Type Nemesis
89%
Unknown Unknown
89%
Frank, Julie, Susie, Joey Legion
88%
Anna Huntress
87%
Albert Wesker Mastermind
87%
Xenomorph Xenomorph
87%
Bubba Sawyer Cannibal
86%
Dredge Dredge
86%
Ji-Woon Hak Trickster
86%
Victor & Charlotte Deshayes Twins
86%
Ken Kaneki Ghoul
85%
Kazan Yamaoka Oni
85%
Demogorgon Demogorgon
84%
Amanda Young Pig
84%
Pyramid Head Executioner
83%
Dracula Dark Lord
80%
Vecna Lich
80%
Caleb Quinn Deathslinger
79%
Henry Creel First
79%
HUX-A7-13 Singularity
79%
Talbot Grimes Blight
77%
Adriana Imai Skull Merchant
77%
Sadako Yamamura Onryo
76%
Carmina Mora Artist
75%
Jeffrey Hawk Clown
75%
Charles Lee Ray Good Guy
75%
Portia Maye Houndmaster
75%
Tarhos Kovacs Knight
75%
Burong Sukapat Krasue
75%
Adiris Plague
75%
Danny Johnson Ghost Face
73%
Elliot Spencer Cenobite
67%
No matching quizzes found
Score Distribution
Percent of People with Each Score
Percentile by Number Answered
Your Score History
You have not taken this quiz since the last reset